Statistics for World Capitals from Serbian to English #4

Click here to take the quiz!

General Stats

  • This quiz has been taken 68 times
    (67 since last reset)
  • The average score is 7 of 10

Answer Stats

SerbianEnglish% Correct
ParizParis
100%
KairoCairo
94%
SkopljeSkopje
94%
TeheranTehran
86%
VelingtonWellington
84%
MaskatMuscat
67%
ApijaApia
51%
KastrizCastries
46%
Južna TaravaSouth Tarawa
46%
JamusukroYamoussoukro
41%

Score Distribution

Percentile by Number Answered

Percent of People with Each Score

Your Score History

You have not taken this quiz since the last reset